Musí mať podnik svoju filozofiu?

Podceňovanie otázky filozofie podniku v malých a stredných podnikoch v SR. Stabilita podnikovej filozofie ako jeden z jej základných atribútov. Obsah podnikovej filozofie po formálnej stránke. Vymedzenie zákazníckej filozofie trhu.

Saved in:
Bibliographic Details
Main Author: Papula, J.
Format: Book Chapter
Language:Slovak
Subjects:
Tags: Add Tag
No Tags, Be the first to tag this record!

MARC

LEADER 00000naa a2200000 4500
001 r014321
005 20221213122908.9
041 0 |a slo 
044 |a SK 
245 1 0 |a Musí mať podnik svoju filozofiu?  |c J. Papula 
520 |a Podceňovanie otázky filozofie podniku v malých a stredných podnikoch v SR. Stabilita podnikovej filozofie ako jeden z jej základných atribútov. Obsah podnikovej filozofie po formálnej stránke. Vymedzenie zákazníckej filozofie trhu. 
610 2 0 |a filozofia 
610 2 0 |a podnik 
610 2 0 |a podnikanie 
610 2 0 |a Slovensko 
610 2 0 |a trh 
610 2 0 |a zákazníci 
100 1 |a Papula, J.